| 000 | 01103cam a22002895a 4500 | ||
|---|---|---|---|
| 001 | 14354606 | ||
| 003 | AUA.1 | ||
| 005 | 20160209130756.0 | ||
| 008 | 060426s2006 flu 000 0 eng | ||
| 010 | _a 2006926539 | ||
| 020 | _a0882701150 (alk. paper) | ||
| 040 |
_aDLC _cDLC |
||
| 042 | _apcc | ||
| 050 |
_aHG 179 _b.D368 2006 |
||
| 100 | 1 |
_aCrown Financial Ministries _d1943- _916785 |
|
| 245 | 1 | 0 |
_aStories of true financial freedom : _bcrown's money map in real lives / _cHoward Dayton. |
| 260 |
_aOrlando, FL : _bBridge-Logos, _c2006. |
||
| 263 | _a0605 | ||
| 300 |
_axv, 196p.: _bill.; _c22 cm. |
||
| 650 |
_aFinance, Personal _xBiblical teaching _952620 |
||
| 650 |
_aFinance, Personal _xReligious aspects _xChristianity _952621 |
||
| 700 |
_aDayton, Howard _919561 |
||
| 906 |
_a0 _bibc _corignew _d2 _eepcn _f20 _gy-gencatlg |
||
| 942 |
_2lcc _cBOOK _hHG 179 _i.D368 2006 |
||
| 999 |
_c4669 _d4669 |
||